One of Two: European Countries Quiz Stats

Quiz Updated Jul 14, 2016

Challenge
Share
Tweet
Embed
Score 0/30 Timer 07:00
8 Plays Today
Can you name... Countries % Correct
One of the two European countries that begin with the letter 'P'?Poland and Portugal
97.9%
One of the two European countries that is a former Soviet republic and begins with the letter 'L'?Latvia and Lithuania
97.7%
One of the two European countries that has a land border with Sweden?Finland and Norway
97.7%
One of the two smallest countries in Europe?Monaco and Vatican City
94.4%
One of the two European countries that border Lake Geneva?France and Switzerland
94%
One of the two European countries where Catalan is an official language?Andorra and Spain
82.1%
One of the two European countries to win a FIFA World Cup before 1960?Germany and Italy
81.3%
One of the two European countries comprised entirely of Mediterranean islands?Cyprus and Malta
81.3%
One of the two European countries that begin with the letter 'U'?Ukraine and United Kingdom
77.1%
One of the two European countries who had a President named 'Boris' when it became independent?Russia and Serbia
74.9%
One of the two European countries that border the Aegean Sea?Greece and Turkey
73.8%
One of the two European countries that starts with 'I' and ends with 'land'?Iceland and Ireland
73.2%
One of two European countries whose flag contains a horizontal black stripe?Estonia and Germany
73.1%
One of the two European countries that border both Greece and Serbia?Bulgaria and Macedonia
71.8%
One of the two landlocked European countries with an area larger than 90,000 km2?Belarus and Hungary
70%
Can you name... Countries % Correct
One of the two European countries whose flag contains two horizontal stripes- one red and one white?Monaco and Poland
65.8%
One of the two European countries whose capital city contains the letter 'z'?Croatia and Liechtenstein
65%
One of the two European non city-states whose capital is the same as the country name?Luxembourg and San Marino
60.4%
One of the two European countries that is not a full United Nations member?Kosovo and Vatican City
59.5%
One of the two European countries whose currency is the 'krone'?Denmark and Norway
59.3%
One of the two European countries that border Moldova?Romania and Ukraine
59.2%
One of the two European countries that contains a 1970s or 80s Winter Olympics host city?Austria and Bosnia & Herzegovina
58.1%
One of the two European countries that are 8 letters long and differ only in their 5th and 6th letters?Slovakia and Slovenia
57.7%
One of the two European countries that contains the letter 'h' and the letter 'z'?Bosnia and Herzegovina and Czechia
56.2%
One of the two European countries who have a double eagle in the center of their flag?Albania and Montenegro
53.4%
One of the two European countries whose flag contains a central image of the country outline?Cyprus and Kosovo
45.8%
One of the two European countries that borders the Westerschelde?Belgium and Netherlands
44.6%
One of the two European countries whose capital city ends in the letter 'K'?Belarus and Iceland
43.2%
One of the two European countries whose currency is the 'leu'?Romania and Moldova
40.2%
One of the two European countries bordering the Gulf of Bothnia?Finland and Sweden
36%

You're not logged in!

Compare scores with friends on all Sporcle quizzes.
Join for Free
OR
Log In

You Might Also Like...

Show Comments

Extras

Top Quizzes Today


Score Distribution

Your Account Isn't Verified!

In order to create a playlist on Sporcle, you need to verify the email address you used during registration. Go to your Sporcle Settings to finish the process.

Report this User

Report this user for behavior that violates our Community Guidelines.

Details: